000 00650nam a2200217 i 4500
001 10573
003 ES-MaACL
005 20230906145919.0
007 t|
008 950825s1959 sp f |||| | spa d
080 _a631.15(460)
100 1 _aNúñez Mayo, Oscar.
_986215
245 1 0 _aInvestigación agronómica /
_cpor Óscar Núñez Mayo.
260 _aMadrid :
_bPublicaciones Españolas,
_c1959.
300 _a28 p., [4] p. de lám. ;
_c24 cm.
490 1 _aTemas españoles ;
_v391
650 1 4 _aAgricultura-
_zEspaña.
_99680
830 0 _aTemas españoles ;
_v391
_9178712
852 _aES-MaACL
_jL-17829
999 _c10573
_d10573